Sports Quiz

Random Sports or NBA Quiz

Who He Play For? (NBA Edition - difficult) Quiz Stats

Quiz not verified by Sporcle

Challenge
Share
Tweet
Score 0/20 Timer 06:00
0 Plays Today
% Correct
Toronto Raptors
53.1%
Washington Wizards
49.7%
Denver Nuggets
45%
Sacramento Kings
40.8%
San Antonio Spurs
38.3%
Boston Celtics
34.9%
Charlotte Bobcats
32.8%
Memphis Grizzlies
32.6%
Oklahoma City Thunder
25.8%
Miami Heat
21.4%
% Correct
Golden State Warriors
20.3%
Orlando Magic
17.8%
Detroit Pistons
16.1%
Philadelphia 76ers
15.6%
Portland Trailblazers
15.2%
Los Angeles Clippers
13.5%
Minnesota Timberwolves
11.4%
Sacramento Kings
9.5%
New Orleans Pelicans
7.6%
Utah Jazz
7.2%

You're not logged in!

Compare scores with friends on all Sporcle quizzes.
Sign Up with Email
OR
Log In

You Might Also Like...

Show Comments

Extras

Top Quizzes Today


Score Distribution

Your Account Isn't Verified!

In order to create a playlist on Sporcle, you need to verify the email address you used during registration. Go to your Sporcle Settings to finish the process.